| 000 | 00599nam a2200217Ia 4500 | ||
|---|---|---|---|
| 005 | 20241129110227.0 | ||
| 008 | 241129s9999||||xx |||||||||||||| ||und|| | ||
| 020 | _a978-0-19-889081-2 | ||
| 037 | _aREF | ||
| 040 |
_aARTS _beng _cARTS |
||
| 041 |
_aeng _2eng |
||
| 084 |
_aZ1,7,7g R0(RR) _qARTS |
||
| 100 | _aBrooks Thom Ed. | ||
| 245 | 0 |
_aOxford handbook of global justice _cBrooks Thom Ed. |
|
| 260 |
_aOxford, USA _bOxford University Press _c2024 |
||
| 300 | _axiv,540p. | ||
| 365 |
_aINR _b1950 |
||
| 650 | _aLaw | ||
| 942 |
_cREF _hZ1,7,7g R0(RR) |
||
| 999 |
_c1227795 _d1227795 |
||